000 00330nam a2200133Ia 4500
005 20260328101510.0
008 260328s9999||||xx |||||||||||||| ||und||
100 _aBlake, Peter
245 0 _aLe Corbusier :
_b Architecture and Form /
_cPeter Blake
260 _bPenguin
300 _a159 p.
650 _aCorbusier, Le
942 _cBK
999 _c9177
_d9177